LAW OF EVIDENCE (Record no. 1688503)
[ view plain ]
| 000 -LEADER | |
|---|---|
| fixed length control field | 00376nam a22001697a 4500 |
| 003 - CONTROL NUMBER IDENTIFIER | |
| control field | OSt |
| 005 - DATE AND TIME OF LATEST TRANSACTION | |
| control field | 20260306130813.0 |
| 008 - FIXED-LENGTH DATA ELEMENTS--GENERAL INFORMATION | |
| fixed length control field | 260306b |||||||| |||| 00| 0 eng d |
| 040 ## - CATALOGING SOURCE | |
| Transcribing agency | FLL |
| 041 ## - LANGUAGE CODE | |
| Language code of text/sound track or separate title | ENG |
| Language code of sung or spoken text | ENG |
| 100 ## - MAIN ENTRY--PERSONAL NAME | |
| Personal name | SARATHI'S , V.P |
| 9 (RLIN) | 1123668 |
| 245 ## - TITLE STATEMENT | |
| Title | LAW OF EVIDENCE |
| 250 ## - EDITION STATEMENT | |
| Edition statement | 9th |
| 260 ## - PUBLICATION, DISTRIBUTION, ETC. | |
| Place of publication, distribution, etc. | LUCJNOW |
| Name of publisher, distributor, etc. | EBC |
| Date of publication, distribution, etc. | 2025 |
| 300 ## - PHYSICAL DESCRIPTION | |
| Extent | 565 |
| 942 ## - ADDED ENTRY ELEMENTS (KOHA) | |
| Source of classification or shelving scheme | Colon Classification (CC) |
| Koha item type | Textbook |
| Suppress in OPAC | No |
| Withdrawn status | Lost status | Source of classification or shelving scheme | Damaged status | Not for loan | Home library | Current library | Date acquired | Source of acquisition | Cost, normal purchase price | Inventory number | Total Checkouts | Full call number | Barcode | Date due | Date last seen | Date last checked out | Price effective from | Koha item type |
|---|---|---|---|---|---|---|---|---|---|---|---|---|---|---|---|---|---|---|
| Colon Classification (CC) | Law Centre-I Library | Law Centre-I Library | 2026-01-19 | SHIVAM | 745.00 | 123/19/1/2026 | 1 | Z2,94 R5 | LO1646280 | 2026-04-02 | 2026-03-23 | 2026-03-23 | 2026-03-06 | Textbook | ||||
| Colon Classification (CC) | Law Centre-I Library | Law Centre-I Library | 2026-01-19 | SHIVAM | 745.00 | 123/19/1/2026 | 1 | Z2,94 R5 | LO1646281 | 2026-04-09 | 2026-04-01 | 2026-03-06 | Textbook | |||||
| Colon Classification (CC) | Law Centre-I Library | Law Centre-I Library | 2026-01-19 | SHIVAM | 745.00 | 123/19/1/2026 | 1 | Z2,94 R5 | LO1646282 | 2026-03-27 | 2026-03-17 | 2026-03-17 | 2026-03-06 | Textbook | ||||
| Colon Classification (CC) | Law Centre-I Library | Law Centre-I Library | 2026-01-19 | SHIVAM | 745.00 | 123/19/1/2026 | Z2,94 R5 | LO1646283 | 2026-03-06 | 2026-03-06 | Textbook | |||||||
| Colon Classification (CC) | Law Centre-I Library | Law Centre-I Library | 2026-01-19 | SHIVAM | 745.00 | 123/19/1/2026 | 1 | Z2,94 R5 | LO1646284 | 2026-03-23 | 2026-03-13 | 2026-03-13 | 2026-03-06 | Textbook | ||||
| Colon Classification (CC) | Law Centre-I Library | Law Centre-I Library | 2026-01-19 | SHIVAM | 745.00 | 123/19/1/2026 | 1 | Z2,94 R5 | LO1646285 | 2026-03-23 | 2026-03-13 | 2026-03-13 | 2026-03-06 | Textbook | ||||
| Colon Classification (CC) | Law Centre-I Library | Law Centre-I Library | 2026-01-19 | SHIVAM | 745.00 | 123/19/1/2026 | 2 | Z2,94 R5 | LO1646286 | 2026-04-17 | 2026-04-07 | 2026-04-07 | 2026-03-06 | Textbook | ||||
| Colon Classification (CC) | Law Centre-I Library | Law Centre-I Library | 2026-01-19 | SHIVAM | 745.00 | 123/19/1/2026 | Z2,94 R5 | LO1646287 | 2026-03-06 | 2026-03-06 | Textbook |
